Об издании на еврейском языке марксо-ленинской литературы

Доступно только в Электронных читальных залах Найти на картеНа карте
RUSMARC
00004320nac2a22002893x 450
001b7d1ae8d-d3ae-4b91-b211-4015da2e723c
00520241213164350.0
100##$a20241113l19301931k y0rusy50 ca
1010#$arus
$aukr
102##$aRU
105##$ay z |||||
1222#$ad19300823
$ad19310911
2001#$aОб издании на еврейском языке марксо-ленинской литературы
$j23.08.1930 - 11.09.1931
215##$a9 листов
$d35,5 х 24,5
251##$cДело
300##$aЧасть текста на украинском языке
300##$aНумерация начинается с конца дела
300##$aЧасть текста машинописная и рукописная, часть - напечатана типографским способом
461#0$1001796d4672-8a00-4986-b488-6e42273792cc
$12001
$aЦЕНТРАЛЬНЫЙ ИСПОЛНИТЕЛЬНЫЙ КОМИТЕТ СССР (ЦИК СССР).
$1251
$cФонд
$1852
$gР
$j3316
462#0$10017ec774ca-f130-4901-bc43-09a1cb14aa51
$12001
$aДела Секретариата Президиума ЦИК Союза ССР. 1930 г.
$vД. 1144
$1251
$cОпись
$1852
$j23
605##$3DITM\AF\0000002775
$aВласть
$lколлекция
$2acquisition_prlib
6101#$aЕврейский язык
$aМарксо-ленинская литература
686##$a63.3(2)61-332ю1
$cИстория
$2rubbk
686##$a67.400.6ю1
$cПраво
$2rubbk
801#0$aRU
$bGA_RF
801#1$aRU
$bГлавНИВЦ
$c20241113
$2rusmarc
801#2$aRU
$bПБ им. Б.Н. Ельцина
$c20241213
$gRCR
$2rusmarc
852##$aГА РФ
$j1144
937##$d195369359
$hГАРФ
035##$aRuPRLIB51078155
856##$uhttp://readingroom.main.prlib.ru/item.aspx?id_node=n195369359&mode=full
Формат отображения